| 000 | 00584nam a2200193 i 4500 | ||
|---|---|---|---|
| 001 | 58246 | ||
| 003 | ES-MaACL | ||
| 007 | t| | ||
| 008 | 031021s1982 sp ||||1| spa d | ||
| 100 | 1 |
_aDumoulin, Heinrich. _946017 |
|
| 245 | 1 | 0 |
_aEncuentro con el budismo / _cHeinrich Dumoulin ; [versión de Claudio Gancho]. |
| 260 |
_aBarcelona : _bHerder, _c1982. |
||
| 300 |
_a226 p. ; _c22 cm. |
||
| 490 | 1 | _aBiblioteca de filosofía | |
| 700 | 1 |
_aGancho, Claudio _953818 |
|
| 830 | 0 |
_aBiblioteca de filosofía _9181615 |
|
| 852 |
_aES-MaACL _jL-4264 _bR.104912 |
||
| 999 |
_c58246 _d58246 |
||